Harry Potter Villains - Statistics

General Stats
  • This quiz has been taken 126 times
  • The average score is 13 of 15
Answer Stats
Description Villain % Correct
The Dark Lord Himself Lord Voldemort
98%
Student who was placed in Slytherin the moment the Sorting Hat touched his head. Draco Malfoy
97%
His diary opened the Chamber of Secrets. Tom Riddle
95%
She murder Sirius Black. Bellatrix Lestrange
93%
Draco's father, who turns out to be a Death Eater. Lucius Malfoy
93%
One of the four founders of Hogwarts, built a Chamber beneath the school. Salazar Slytherin
92%
One of the worst character, always dresses in pink and is fond of tea. Dolores Umbridge
89%
Ron's pet rat, who turns out to be a evil human, who betrayed Lily and James. Peter Pettigrew
89%
Stuttering Defense Against the Dark Arts Professor. Quirinus Quirrel
87%
Draco Malfoy Crony Crabbe
86%
Death Eater who pretends to be Pro. Moody. Barty Crouch Jr.
85%
Draco Malfoy Crony Goyle
85%
The Headmaster of Durmstrang. Igor Karkaroff
81%
Werewolf Death Eater. Fenrir Greyback
77%
He is a leader in the Ministry, after Voldemort takes over. Yaxley
30%
No matching quizzes found
Score Distribution
Percent of People with Each Score
Percentile by Number Answered
Your Score History
You have not taken this quiz